000 00523nam a2200181Ia 4500
008 230711s9999||||xx |||||||||||||| ||und||
020 _a978-1-4987-7201-3
041 _aENG
082 _a4.68
_bIL-W
100 _aIlyas,Mohammad
245 0 _aHandbook of wireless local area networks : Applications, Technology, Security and Standards
250 _a1st Ed.
260 _c2005
_aNew York
_bCRC Press Taylor & Francis Group
300 _a652p.
650 _aElectronics Engineering
700 _aAhson,Syed
942 _cBK
999 _c6330
_d6330